| 000 | 01009nam a22002897a 4500 | ||
|---|---|---|---|
| 999 |
_c6797 _d6797 |
||
| 003 | AR-CdUCM | ||
| 008 | 190319b ||||| |||| 00| 0 spa d | ||
| 020 | _a84-205-0394-0 | ||
| 020 | _a0-13-665877-6 | ||
| 040 |
_aMUNICIPALIDAD PROVINCIAL DEL CUSCO _cBIBLIOTECA MUNICIPAL DEL CUSCO |
||
| 082 |
_a541.3 / _bV28 |
||
| 100 |
_aVan Holde, K. E. _919141 |
||
| 245 | _aBioquímica Física / | ||
| 260 |
_aMadrid : _bAlhambra, _c1979. |
||
| 300 |
_a312 paginas ; _bGraficas, ilustraciones, dibujos, _c20cm. |
||
| 440 |
_aExedra - ciencia tecnica ingenieria _n124 _919142 |
||
| 505 | _aContenido: termodinamica -- bioquimica -- macromoleculas -- equilibrio químico -- sedimentación... | ||
| 650 |
_aQuimica _94512 |
||
| 650 |
_aTermodinamica _919143 |
||
| 650 |
_aEquilibrio quimico _919144 |
||
| 650 |
_aElectricos _919145 |
||
| 700 |
_aGomez de las Heras, F. _919146 |
||
| 700 |
_aGonzales de Buitrago, J. M. _919147 |
||
| 700 |
_aRodríguez García, R. _919148 |
||
| 942 |
_2ddc _cLIBROS |
||
| 945 | _apjha | ||